| 000 | 00863cam a2200289 i 4500 | ||
|---|---|---|---|
| 001 | 33940 | ||
| 005 | 20230410101741.0 | ||
| 008 | 800813s1979 fr b 000 0 fre | ||
| 035 | _9(DLC) 80106284 | ||
| 035 | _a1357103 | ||
| 010 | _a80106284 | ||
| 015 | _aF*** | ||
| 020 |
_a285802110X : _c60.00F |
||
| 040 |
_aDLC _cDLC _dDLC |
||
| 043 | _anwht--- | ||
| 050 | 1 | 4 |
_a110 UA 610 _bD353a 1979 |
| 082 | 0 | 0 |
_a322/.5/097294 _219 |
| 100 | 1 |
_aDelince, Kern, _d1923- |
|
| 245 | 1 | 0 |
_aArmée et politique en Haiti / _cKern Delince ; préf. de Paul Laraque. |
| 260 |
_aParis : _bL'Harmattan, _cc1979. |
||
| 300 |
_a271 p. ; _c22 cm. |
||
| 504 | _aBibliography: p. 264-266. | ||
| 610 | 1 | 0 |
_aHaiti. _bArmée _xPolitical activity. |
| 651 | 0 |
_aHaiti _xPolitics and government _y1934-1971. |
|
| 651 | 0 |
_aHaiti _xPolitics and government _y1971-1986. |
|
| 942 |
_2lcc _cbk |
||
| 999 |
_c13353 _d13353 |
||